00696 2200265 4500001002100000005001700021008004100038035002400079082001200103090001900115100002400134245009100158250001100249260002200260300002500282650001600307700002000323850001300343980001500356985000600371986001000377999001500387999001300402999001500415YOGYA-0209000002110620090227023509.0 ind  0010-020900000021106 a621.381 a621.381bYur E aYURY, Rm. Francis D aElektronika untuk calon delta dan oraricRm. Francis D. Yury ; editor, A. Yubonama V.j aCet. 3 aSolobAnekac1994 a109 hlmbilusc21 cm aElektronika aYubonama V.J, A aYOPDYOGB a29-07-2006 a3 artrev a96P0081583 a96P81585 a96P0081584